<?xml version="1.0" encoding="UTF-8"?>
<record
    xmlns:xsi="http://www.w3.org/2001/XMLSchema-instance"
    xsi:schemaLocation="http://www.loc.gov/MARC21/slim http://www.loc.gov/standards/marcxml/schema/MARC21slim.xsd"
    xmlns="http://www.loc.gov/MARC21/slim">

  <leader>00543cam2a220018100 4500</leader>
  <controlfield tag="001">tmp15353955</controlfield>
  <controlfield tag="003">UPRA</controlfield>
  <controlfield tag="005">20190822122838.0</controlfield>
  <controlfield tag="008">950801s1964    enk                 eng u</controlfield>
  <datafield tag="035" ind1=" " ind2=" ">
    <subfield code="a">(Sirsi) r9507</subfield>
  </datafield>
  <datafield tag="035" ind1=" " ind2=" ">
    <subfield code="a">(UPRA)tmp15353955</subfield>
  </datafield>
  <datafield tag="040" ind1=" " ind2=" ">
    <subfield code="c">UPRA</subfield>
  </datafield>
  <datafield tag="100" ind1="1" ind2=" ">
    <subfield code="a">Le Carre, John, 1931-</subfield>
    <subfield code="d">Le Carre, John, 1931-</subfield>
    <subfield code="6">A5676.1</subfield>
  </datafield>
  <datafield tag="245" ind1="1" ind2="2">
    <subfield code="a">A murder of quality /</subfield>
    <subfield code="c">[by] John le Carre [pseud.].</subfield>
  </datafield>
  <datafield tag="260" ind1=" " ind2=" ">
    <subfield code="a">[Harmondsworth, Middlesex] :</subfield>
    <subfield code="b">Penguin,</subfield>
    <subfield code="c">[1964]</subfield>
  </datafield>
  <datafield tag="949" ind1=" " ind2=" ">
    <subfield code="a">PR6053.O74</subfield>
    <subfield code="w">lcc</subfield>
    <subfield code="i">-989</subfield>
    <subfield code="m">MAIN</subfield>
    <subfield code="t">BOOK</subfield>
    <subfield code="l">ON-SHELF</subfield>
  </datafield>
  <controlfield tag="004">9507</controlfield>
  <datafield tag="999" ind1=" " ind2=" ">
    <subfield code="c">135728</subfield>
    <subfield code="d">135728</subfield>
  </datafield>
</record>
